Slovenskí pedagógovia môžu bez kontroly lietať do Česka

Uložené v:
Podrobná bibliografia
Hlavný autor: Fodranová, Iveta, 1959-
Médium: Kapitola
Jazyk:Slovak
Tagy: Pridať tag
Žiadne tagy, Buďte prvý, kto otaguje tento záznam!

MARC

LEADER 00000naa a2200000 4500
001 0163823
005 20240502072841.8
041 0 |a slo 
044 |a SK 
245 1 0 |a Slovenskí pedagógovia môžu bez kontroly lietať do Česka  |c Iveta Fodranová 
100 1 |a Fodranová, Iveta, 1959-